| 000 | 00521nam a22001457a 4500 | ||
|---|---|---|---|
| 082 | _a004 | ||
| 100 | _aZia, Mehmooda Jabeem | ||
| 245 |
_aA New ANP-Based Approach towards Enterprise Architecture Analysis using Quality Attributes / _cMehmooda Jabeen Zia. |
||
| 260 |
_aIslamabad: _bCEME - NUST, _c2013. |
||
| 300 |
_a57 p. : _bill. ; _c30cm. |
||
| 650 |
_aComputer Software Engineering MS-Thesis. _916105 |
||
| 700 |
_aDr. Farooq Azam _920926 |
||
| 942 |
_2ddc _cTHE |
||
| 999 |
_c540441 _d540441 |
||